[Event "Munich op-A 3rd"]
[Site "Munich"]
[Date "2025.05.31"]
[Round "5"]
[White "Weber, Benedikt"]
[Black "Peng, Tianlu"]
[Result "1-0"]
[WhiteElo "2097"]
[BlackElo "2047"]
[PlyCount "75"]
[EventDate "2025.05.29"]
[EventType "swiss"]
[EventRounds "9"]
[EventCountry "GER"]
[SourceTitle "CB23_2025"]
[SourceDate "2025.06.04"]
[SourceVersion "1"]
[SourceVersionDate "2025.06.04"]
[SourceQuality "1"]

1. e4 d6 2. Nc3 Nf6 3. d4 Nbd7 4. Nf3 e5 5. Bc4 Be7 6. 0-0 0-0 7. Re1 c6 8. a4 exd4 9. Qxd4 Ng4 10. h3 Nge5 11. Nxe5 dxe5 12. Qd3 Bc5 13. Qg3 Kh8 14. Be3 Qe7 15. Rad1 Bb4 16. Re2 Nc5 17. Bc1 Bxc3 18. Qxc3 Nxa4 19. Qg3 h6 20. Kh2 b5 21. Ba2 Nc5 22. f4 Nd7 23. Rf1 Ba6 24. b4 Bb7 25. fxe5 Nxe5 26. Be3 Rfe8 27. Bc5 Qc7 28. Rxf7 Qxf7 29. Bxf7 Nxf7 30. Qc7 Nd8 31. e5 Bc8 32. Rf2 Kg8 33. e6 Bxe6 34. Bd4 Bf7 35. c3 Rf8 36. Re2 Kh7 37. Re7 Kg8 38. Qe5 1-0

[Event "Bayern-chI Bank Hofmann 27th"]
[Site "Gmund am Tegernsee"]
[Date "2024.11.03"]
[Round "9"]
[White "Deglmann, Ludwig"]
[Black "Weber, Benedikt"]
[Result "1/2-1/2"]
[WhiteElo "2230"]
[BlackElo "2088"]
[PlyCount "26"]
[EventDate "2024.10.26"]
[EventType "swiss"]
[EventRounds "9"]
[EventCountry "GER"]
[SourceTitle "CB45_2024"]
[Source "ChessBase"]
[SourceDate "2024.11.06"]
[SourceVersion "1"]
[SourceVersionDate "2024.11.06"]
[SourceQuality "1"]

1. d4 Nf6 2. Bf4 e6 3. e3 b6 4. Qf3 d5 5. Bb5+ c6 6. Bd3 Bd6 7. Nc3 Ba6 8. 0-0-0 Bxd3 9. Rxd3 0-0 10. Bxd6 Qxd6 11. e4 dxe4 12. Nxe4 Nxe4 13. Qxe4 Qd5 1/2-1/2

[Event "Bayern-chI Bank Hofmann 27th"]
[Site "Gmund am Tegernsee"]
[Date "2024.11.01"]
[Round "7"]
[White "Morchiashvili, Bachana"]
[Black "Weber, Benedikt"]
[Result "1-0"]
[WhiteElo "2257"]
[BlackElo "2088"]
[PlyCount "75"]
[EventDate "2024.10.26"]
[EventType "swiss"]
[EventRounds "9"]
[EventCountry "GER"]
[SourceTitle "CB45_2024"]
[Source "ChessBase"]
[SourceDate "2024.11.06"]
[SourceVersion "1"]
[SourceVersionDate "2024.11.06"]
[SourceQuality "1"]

1. d4 Nf6 2. Nf3 e6 3. e3 c5 4. c4 cxd4 5. exd4 d5 6. Nc3 Nc6 7. cxd5 Nxd5 8. Bd3 Be7 9. 0-0 0-0 10. Re1 Ncb4 11. Bb1 Nf6 12. Ne5 Bd7 13. Re3 Rc8 14. Rg3 g6 15. h4 Nc6 16. Bh6 Be8 17. Bxf8 Kxf8 18. Nxc6 Bxc6 19. Qd2 Kg8 20. Bc2 Nh5 21. Rh3 Bxh4 22. Be4 Bg5 23. Qd1 Nf4 24. Rf3 Bh6 25. Bxc6 Rxc6 26. Qa4 Qg5 27. g3 Qh5 28. Rxf4 Bxf4 29. d5 Bxg3 30. fxg3 exd5 31. Rf1 Qe5 32. Qf4 Qe6 33. Nb5 Rc4 34. Nd4 Qe7 35. b3 Rc3 36. Kh2 Rd3 37. Rf2 h5 38. Re2 1-0

[Event "Bayern-chI Bank Hofmann 27th"]
[Site "Gmund am Tegernsee"]
[Date "2024.10.26"]
[Round "1"]
[White "Heinz, Axel"]
[Black "Weber, Benedikt"]
[Result "1-0"]
[WhiteElo "2412"]
[BlackElo "2088"]
[PlyCount "75"]
[EventDate "2024.10.26"]
[EventType "swiss"]
[EventRounds "9"]
[EventCountry "GER"]
[SourceTitle "CB45_2024"]
[Source "ChessBase"]
[SourceDate "2024.11.06"]
[SourceVersion "1"]
[SourceVersionDate "2024.11.06"]
[SourceQuality "1"]

1. e4 c6 2. Nc3 d5 3. Nf3 Bg4 4. h3 Bxf3 5. Qxf3 e6 6. d3 Nf6 7. Bd2 Bb4 8. a3 Bd6 9. g4 d4 10. Ne2 c5 11. g5 Nfd7 12. h4 Nc6 13. Qh3 Qc7 14. Bg2 e5 15. Rf1 0-0-0 16. f4 Kb8 17. 0-0-0 Nb6 18. Kb1 c4 19. dxc4 Nxc4 20. Qb3 Nxd2+ 21. Rxd2 exf4 22. Nxd4 Be5 23. Nxc6+ Qxc6 24. Rd5 f6 25. Rfd1 Rc8 26. Bh3 Rcf8 27. Bg4 Bc7 28. e5 Rd8 29. gxf6 gxf6 30. e6 Rxd5 31. Rxd5 Bb6 32. Bf3 Qc7 33. Rd7 Qc8 34. Rxb7+ Qxb7 35. Bxb7 Kxb7 36. Qd5+ Kb8 37. e7 Kc7 38. Qf7 1-0

[Event "Sachsen-Anhalt Verbandsliga 1920"]
[Site "Sachsen Anhalt"]
[Date "2020.09.20"]
[Round "7.4"]
[White "Dietz, Kristin"]
[Black "Weber, Benedikt"]
[Result "0-1"]
[WhiteElo "1919"]
[BlackElo "2027"]
[PlyCount "72"]
[EventDate "2019.09.29"]
[EventType "team-tourn"]
[EventRounds "9"]
[EventCountry "GER"]
[SourceTitle "EXT 2023"]
[Source "ChessBase"]
[SourceDate "2022.10.05"]
[SourceVersion "1"]
[SourceVersionDate "2022.10.05"]
[SourceQuality "1"]
[WhiteTeam "Halle USV II"]
[BlackTeam "Reideburg 90 Halle"]
[WhiteTeamCountry "GER"]
[BlackTeamCountry "GER"]

1. e4 c6 2. d4 d5 3. Nd2 dxe4 4. Nxe4 Nd7 5. Nf3 Ngf6 6. Nxf6+ Nxf6 7. Bc4 Bf5 8. 0-0 e6 9. Re1 Be7 10. Bf4 0-0 11. Qe2 b5 12. Bb3 Bg4 13. Rad1 Nd5 14. Bg3 Bf6 15. c4 bxc4 16. Qxc4 Bxf3 17. gxf3 Qb6 18. Be5 Rfd8 19. Re4 Rac8 20. Qf1 Bxe5 21. dxe5 Ne7 22. Rd6 Rxd6 23. exd6 Nd5 24. Qh3 Rd8 25. Rg4 Qc5 26. Qh6 g6 27. Bxd5 Qxd5 28. Rh4 Rxd6 29. Qxh7+ Kf8 30. Qh6+ Ke8 31. Rb4 Qe5 32. Rb8+ Ke7 33. Qf8+ Kf6 34. Qh8+ Kf5 35. Qxe5+ Kxe5 36. Rb7 Rd2 0-1

[Event "Sachsen-Anhalt Verbandsliga 1920"]
[Site "Sachsen Anhalt"]
[Date "2020.01.19"]
[Round "5.3"]
[White "Pankrath, Benno"]
[Black "Weber, Benedikt"]
[Result "0-1"]
[WhiteElo "1923"]
[BlackElo "2027"]
[PlyCount "98"]
[EventDate "2019.09.29"]
[EventType "team-tourn"]
[EventRounds "9"]
[EventCountry "GER"]
[SourceTitle "EXT 2023"]
[Source "ChessBase"]
[SourceDate "2022.10.05"]
[SourceVersion "1"]
[SourceVersionDate "2022.10.05"]
[SourceQuality "1"]
[WhiteTeam "Piesteritz Gruen-Weiss"]
[BlackTeam "Reideburg 90 Halle"]
[WhiteTeamCountry "GER"]
[BlackTeamCountry "GER"]

1. d4 Nf6 2. Nf3 e6 3. Bf4 b6 4. e3 Be7 5. Bd3 Bb7 6. Nbd2 Nh5 7. Bg3 d6 8. c3 Nd7 9. Qc2 g6 10. e4 0-0 11. e5 dxe5 12. Bxe5 Nxe5 13. Nxe5 c5 14. Be4 Qc7 15. Bxb7 Qxb7 16. Qe4 Qxe4+ 17. Nxe4 cxd4 18. Nc6 Rfe8 19. Nxd4 f5 20. Nd2 Nf4 21. Kf1 Rad8 22. N2f3 Bf6 23. g3 Nd3 24. Rb1 e5 25. Nc2 Rd7 26. Ke2 Red8 27. Rhd1 Nc5 28. Ne3 e4 29. Ne1 Kf7 30. Rxd7+ Rxd7 31. Rd1 Rxd1 32. Nxd1 Ke6 33. Nc2 h5 34. Nd4+ Bxd4 35. cxd4 Nd3 36. b3 Nc1+ 37. Ke3 Nxa2 38. h4 Nb4 39. f3 Nc2+ 40. Kf4 exf3 41. Kg5 Nxd4 42. Kxg6 Nxb3 43. Kxh5 Kf6 44. g4 fxg4 45. Kxg4 Nd4 46. Kf4 a5 47. Ne3 a4 48. Nd5+ Kg6 49. Ke3 a3 0-1

[Event "Sachsen-Anhalt Verbandsliga 18/19"]
[Site "Sachsen Anhalt"]
[Date "2019.04.06"]
[Round "8.1"]
[White "Rafayevych, Vilen"]
[Black "Weber, Benedikt"]
[Result "1-0"]
[WhiteElo "2078"]
[BlackElo "2068"]
[PlyCount "33"]
[EventDate "2018.10.21"]
[EventType "team-tourn"]
[EventRounds "9"]
[EventCountry "GER"]
[SourceTitle "EXT 2022"]
[Source "ChessBase"]
[SourceDate "2021.10.06"]
[SourceVersion "1"]
[SourceVersionDate "2021.10.06"]
[SourceQuality "1"]
[WhiteTeam "Magdeburg Aufbau Elbe II"]
[BlackTeam "Reideburg 90 Halle"]
[WhiteTeamCountry "GER"]
[BlackTeamCountry "GER"]

1. d4 Nf6 2. c4 e6 3. Nf3 b6 4. g3 Ba6 5. Nbd2 c5 6. e4 d5 7. exd5 exd5 8. Ne5 Nbd7 9. Nc6 Qc7 10. Qe2+ Ne4 11. Nxe4 Qxc6 12. Nxc5+ Be7 13. Nxa6 0-0 14. Bg2 Rae8 15. Be3 Qb7 16. cxd5 b5 17. Nc5 1-0

[Event "Sachsen-Anhalt Verbandsliga 2017/18"]
[Site "Sachsen Anhalt"]
[Date "2018.04.15"]
[Round "9.1"]
[White "Weber, Benedikt"]
[Black "Geue, Niklas"]
[Result "1/2-1/2"]
[WhiteElo "2068"]
[BlackElo "2005"]
[PlyCount "46"]
[EventDate "2017.12.22"]
[EventType "team-tourn"]
[EventRounds "9"]
[EventCountry "GER"]
[SourceTitle "EXT 2020"]
[Source "ChessBase"]
[SourceDate "2019.10.17"]
[SourceVersion "1"]
[SourceVersionDate "2019.10.17"]
[SourceQuality "1"]
[WhiteTeam "Reideburg 90 Halle"]
[BlackTeam "Magdeburg USC"]
[WhiteTeamCountry "GER"]
[BlackTeamCountry "GER"]

1. d4 Nf6 2. Nf3 b6 3. g3 Bb7 4. Bg2 e6 5. 0-0 Be7 6. c4 0-0 7. Nc3 Ne4 8. Qc2 Nxc3 9. Qxc3 f5 10. a4 a5 11. Ne5 Bxg2 12. Kxg2 d6 13. Qf3 Ra7 14. Nd3 Qd7 15. d5 e5 16. e4 Na6 17. exf5 Rxf5 18. Qe4 Ra8 19. f4 exf4 20. Rxf4 Rxf4 21. Bxf4 Bf6 22. Ra2 Re8 23. Qf3 h6 1/2-1/2

[Event "Leipzig VfB op 23rd"]
[Site "Leipzig"]
[Date "2016.03.19"]
[Round "8"]
[White "Artmann, Juergen"]
[Black "Weber, Benedikt"]
[Result "0-1"]
[WhiteElo "1758"]
[BlackElo "2059"]
[PlyCount "52"]
[EventDate "2016.03.15"]
[EventType "swiss"]
[EventRounds "9"]
[EventCountry "GER"]
[SourceTitle "EXT 2017"]
[Source "ChessBase"]
[SourceDate "2016.10.25"]
[SourceVersion "1"]
[SourceVersionDate "2016.10.25"]
[SourceQuality "1"]

1. e4 e5 2. Bc4 Nf6 3. d3 Nc6 4. a3 Bc5 5. Nf3 d6 6. h3 Ne7 7. Nc3 c6 8. 0-0 Ng6 9. b4 Bb6 10. Ne2 0-0 11. Bb3 a5 12. Bb2 Nh5 13. d4 Qf6 14. c4 Rd8 15. dxe5 dxe5 16. Qc2 axb4 17. axb4 Rxa1 18. Bxa1 Bxh3 19. gxh3 Qxf3 20. Bxe5 Nxe5 21. c5 Bc7 22. Rd1 Rxd1+ 23. Qxd1 Qxh3 24. Nd4 Nf4 25. Qf1 Qxf1+ 26. Kxf1 Ned3 0-1

[Event "Kiel op 28th"]
[Site "Kiel"]
[Date "2015.07.30"]
[Round "8"]
[White "Saglam, Buelent"]
[Black "Weber, Benedikt"]
[Result "0-1"]
[WhiteElo "2102"]
[BlackElo "2009"]
[PlyCount "84"]
[EventDate "2015.07.25"]
[EventType "swiss"]
[EventRounds "9"]
[EventCountry "GER"]
[SourceTitle "CBM 167 Extra"]
[Source "ChessBase"]
[SourceDate "2015.09.14"]
[SourceVersion "1"]
[SourceVersionDate "2015.09.14"]
[SourceQuality "1"]

1. e4 e5 2. f4 d5 3. exd5 e4 4. Bb5+ c6 5. dxc6 Nxc6 6. Qe2 Nf6 7. d3 Bf5 8. dxe4 Nxe4 9. Nf3 Bc5 10. Bxc6+ bxc6 11. Be3 Bxe3 12. Qxe3 0-0 13. 0-0 Re8 14. Re1 Nf6 15. Qc1 Rxe1+ 16. Qxe1 Qb6+ 17. Kh1 Qxb2 18. Nbd2 Re8 19. Ne5 Ng4 20. Qc1 Qxc1+ 21. Rxc1 Nxe5 22. fxe5 Rxe5 23. Nf3 Ra5 24. Nd4 Be4 25. Ra1 Ra4 26. Nb3 Bxc2 27. Rc1 Rxa2 28. Nd2 f5 29. Kg1 Bd3 30. Nf1 Be4 31. Ne3 f4 32. Nd1 Rxg2+ 33. Kf1 Rxh2 34. Nf2 Bd5 35. Ra1 g5 36. Rxa7 h5 37. Rd7 g4 38. Nd3 g3 39. Nxf4 Rf2+ 40. Kg1 Rxf4 41. Rg7+ Kf8 42. Rf7+ Bxf7 0-1

[Event "Kiel op 28th"]
[Site "Kiel"]
[Date "2015.07.29"]
[Round "7"]
[White "Weber, Benedikt"]
[Black "Hilbig, Dieter"]
[Result "1-0"]
[WhiteElo "2009"]
[BlackElo "2067"]
[PlyCount "57"]
[EventDate "2015.07.25"]
[EventType "swiss"]
[EventRounds "9"]
[EventCountry "GER"]
[SourceTitle "CBM 167 Extra"]
[Source "ChessBase"]
[SourceDate "2015.09.14"]
[SourceVersion "1"]
[SourceVersionDate "2015.09.14"]
[SourceQuality "1"]

1. e4 c5 2. Nf3 Nc6 3. d4 cxd4 4. Nxd4 e5 5. Nb5 d6 6. N1c3 a6 7. Na3 Nf6 8. Bg5 Be6 9. Nc4 Bxc4 10. Bxc4 Be7 11. Bxf6 Bxf6 12. 0-0 0-0 13. Nd5 Nd4 14. c3 Ne6 15. Qf3 Bg5 16. Rad1 Rc8 17. Bb3 Nc5 18. Bc2 Ne6 19. Bb3 Nc5 20. Bc2 Ne6 21. g3 Nc7 22. Nb6 Rb8 23. Nc4 Qe7 24. Nxd6 Bf6 25. Nf5 Qc5 26. Bb3 Rbd8 27. Nh6+ gxh6 28. Qxf6 Qc6 29. Bxf7+ 1-0

[Event "Kiel op 28th"]
[Site "Kiel"]
[Date "2015.07.26"]
[Round "4"]
[White "Weber, Benedikt"]
[Black "Sommer, Stefan"]
[Result "1-0"]
[WhiteElo "2009"]
[BlackElo "1729"]
[PlyCount "43"]
[EventDate "2015.07.25"]
[EventType "swiss"]
[EventRounds "9"]
[EventCountry "GER"]
[SourceTitle "CBM 167 Extra"]
[Source "ChessBase"]
[SourceDate "2015.09.14"]
[SourceVersion "1"]
[SourceVersionDate "2015.09.14"]
[SourceQuality "1"]

1. e4 e5 2. Nf3 Nc6 3. Bb5 a6 4. Ba4 Nf6 5. 0-0 b5 6. Bb3 Be7 7. Re1 0-0 8. h3 Bb7 9. d3 d6 10. a3 Nd7 11. Nc3 Kh8 12. Nd5 h6 13. Ne3 Nc5 14. Bd5 Qe8 15. Nf5 Bf6 16. Qd2 Nd7 17. Nxh6 gxh6 18. Qxh6+ Kg8 19. Ng5 Bxg5 20. Qxg5+ Kh8 21. Qh6+ Kg8 22. Re3 1-0

[Event "Kiel op 28th"]
[Site "Kiel"]
[Date "2015.07.25"]
[Round "2"]
[White "Weber, Benedikt"]
[Black "Roehl, Manfred"]
[Result "1-0"]
[WhiteElo "2009"]
[BlackElo "1826"]
[PlyCount "83"]
[EventDate "2015.07.25"]
[EventType "swiss"]
[EventRounds "9"]
[EventCountry "GER"]
[SourceTitle "CBM 167 Extra"]
[Source "ChessBase"]
[SourceDate "2015.09.14"]
[SourceVersion "1"]
[SourceVersionDate "2015.09.14"]
[SourceQuality "1"]

1. e4 e5 2. Nf3 Nc6 3. Bb5 d6 4. d4 Bd7 5. Nc3 a6 6. Bxc6 bxc6 7. dxe5 Be7 8. h3 f6 9. exd6 cxd6 10. Bf4 Be6 11. Nd4 Qd7 12. Nxe6 Qxe6 13. Qd3 g5 14. Bg3 Nh6 15. 0-0-0 Nf7 16. f4 gxf4 17. Bxf4 Ne5 18. Bxe5 fxe5 19. Rhf1 a5 20. Qf3 Rb8 21. Qh5+ Qg6 22. Qxg6+ hxg6 23. a3 Kd7 24. Rd3 Ke6 25. b3 Rh4 26. Kb2 c5 27. Re3 c4 28. Rd1 Bd8 29. Nd5 Bg5 30. Rg3 Rh5 31. b4 axb4 32. axb4 Ra8 33. Kc3 Bh4 34. Rf3 Rc8 35. Ra1 Rh7 36. b5 Rb7 37. b6 Rc6 38. g3 Bd8 39. Ra8 Rd7 40. Rf8 Bc7 41. Rae8+ Re7 42. Rf6+ 1-0

[Event "Leipzig VfB op 22nd"]
[Site "Leipzig"]
[Date "2015.03.08"]
[Round "9"]
[White "Petiko, Nikolai"]
[Black "Weber, Benedikt"]
[Result "1-0"]
[WhiteElo "2041"]
[BlackElo "1989"]
[PlyCount "139"]
[EventDate "2015.03.03"]
[EventType "swiss"]
[EventRounds "9"]
[EventCountry "GER"]
[SourceTitle "EXT 2016"]
[Source "ChessBase"]
[SourceDate "2015.10.08"]
[SourceVersion "1"]
[SourceVersionDate "2015.10.08"]
[SourceQuality "1"]

1. d4 Nf6 2. Nc3 d5 3. Bg5 c6 4. Qd3 b6 5. 0-0-0 Ba6 6. Qd2 Nbd7 7. e3 Bxf1 8. Rxf1 e6 9. f3 b5 10. Nge2 Qa5 11. Kb1 Nb6 12. e4 Nc4 13. Qd3 Rb8 14. Nc1 Qb6 15. Re1 Bb4 16. Bxf6 gxf6 17. exd5 Bxc3 18. Qxc3 cxd5 19. h4 b4 20. Qd3 0-0 21. g4 Kh8 22. f4 Rg8 23. Rhg1 a5 24. f5 a4 25. Ne2 b3 26. cxb3 axb3 27. a3 Qa5 28. Nc3 Ra8 29. a4 Nb6 30. Qb5 exf5 31. gxf5 Rxg1 32. Rxg1 Nxa4 33. Qxa5 Rxa5 34. Ne2 Nb6 35. Nf4 Nc4 36. Rg3 Rb5 37. Nh5 Nd2+ 38. Kc1 Ne4 39. Rg2 Rb4 40. Rg7 Rc4+ 41. Kd1 Rxd4+ 42. Ke1 Nd6 43. Rg3 Re4+ 44. Kd1 Nxf5 45. Rxb3 Re8 46. Nxf6 Rd8 47. h5 Kg7 48. Ng4 Nd6 49. Rb6 f5 50. Ne3 Kf8 51. Nxf5 Nxf5 52. Rf6+ Ke7 53. Rxf5 Ke6 54. Rg5 Kf6 55. Rg2 Rc8 56. h6 Rc7 57. Kd2 Ke5 58. Rg7 Rc4 59. Rxh7 Rh4 60. Re7+ Kd4 61. h7 Rh2+ 62. Ke1 Kc4 63. Rc7+ Kb5 64. Kf1 d4 65. Kg1 Rh5 66. Kf2 Kb6 67. Rf7 Kc5 68. Rc7+ Kb6 69. Rg7 Kc5 70. Rg5+ 1-0

[Event "Dresden ZMD op 23rd"]
[Site "Dresden"]
[Date "2014.08.20"]
[Round "6"]
[White "Rudolf, Thomas"]
[Black "Weber, Benedikt"]
[Result "1-0"]
[WhiteElo "2080"]
[BlackElo "1947"]
[PlyCount "109"]
[EventDate "2014.08.15"]
[EventType "swiss"]
[EventRounds "9"]
[EventCountry "GER"]
[SourceTitle "CBM 161 Extra"]
[Source "ChessBase"]
[SourceDate "2014.08.29"]
[SourceVersion "1"]
[SourceVersionDate "2014.08.29"]
[SourceQuality "1"]

1. d4 Nf6 2. Nf3 e6 3. Bf4 b6 4. e3 Be7 5. h3 Bb7 6. Nbd2 0-0 7. Bd3 c5 8. c3 d5 9. Qb1 Nbd7 10. 0-0 Re8 11. a4 a6 12. Bh2 Nf8 13. Ne5 N6d7 14. f4 f5 15. g4 g6 16. Qe1 Nf6 17. g5 Ne4 18. h4 Nd7 19. Ndf3 Nxe5 20. Nxe5 Bd6 21. Qe2 Qc7 22. Kg2 Ra7 23. Bg3 Bxe5 24. fxe5 a5 25. Bf4 Qc8 26. Bxe4 dxe4 27. Rh1 Ba6 28. Qd2 Bd3 29. h5 Rg7 30. Rh2 Qc6 31. Kf2 Rc8 32. hxg6 hxg6 33. Rah1 Kf7 34. Qd1 Ba6 35. Rh8 Bb7 36. Rxc8 Bxc8 37. b3 c4 38. b4 axb4 39. cxb4 c3 40. Qb3 Kg8 41. b5 Qd5 42. Qxd5 exd5 43. e6 Bxe6 44. Rc1 Ra7 45. Rxc3 Rxa4 46. Rc6 Bd7 47. Rxg6+ Kf7 48. Rxb6 Ra2+ 49. Kg3 Rb2 50. Rf6+ Kg8 51. b6 Bc8 52. Be5 Rb1 53. g6 Rg1+ 54. Kf2 Rg4 55. Rd6 1-0

[Event "Dresden ZMD op 23rd"]
[Site "Dresden"]
[Date "2014.08.19"]
[Round "5"]
[White "Weber, Benedikt"]
[Black "Pallas, Sebastian"]
[Result "1-0"]
[WhiteElo "1947"]
[BlackElo "2026"]
[PlyCount "89"]
[EventDate "2014.08.15"]
[EventType "swiss"]
[EventRounds "9"]
[EventCountry "GER"]
[SourceTitle "CBM 161 Extra"]
[Source "ChessBase"]
[SourceDate "2014.08.29"]
[SourceVersion "1"]
[SourceVersionDate "2014.08.29"]
[SourceQuality "1"]

1. e4 c5 2. Nf3 d6 3. Nc3 Nf6 4. d4 cxd4 5. Nxd4 a6 6. Be2 e6 7. a4 Nbd7 8. 0-0 b6 9. f4 Bb7 10. Bf3 Rc8 11. Kh1 Qc7 12. Qe1 Ba8 13. Be3 Qb8 14. Rd1 Be7 15. Qe2 Bb7 16. e5 dxe5 17. fxe5 Bxf3 18. Nxf3 Ng4 19. Bf4 Qb7 20. h3 Nh6 21. Bxh6 gxh6 22. Ne4 Rg8 23. Qd2 Rd8 24. Qf4 Rf8 25. Nd6+ Bxd6 26. exd6 Rc8 27. Qh4 f6 28. Qxh6 Rf7 29. c3 Rc5 30. Nd4 Rg5 31. Nf3 Rg6 32. Qd2 Rfg7 33. Rf2 Nc5 34. Qe3 Ne4 35. Rc2 f5 36. d7+ Kd8 37. Kh2 Qc7+ 38. Kh1 Rg3 39. Qh6 Qc5 40. Qh4+ Re7 41. Nd4 Rg6 42. Nc6+ Qxc6 43. Qxe7+ Kxe7 44. d8Q+ Kf7 45. Rd7+ 1-0

[Event "Leipzig VfB op 20th"]
[Site "Leipzig"]
[Date "2013.03.06"]
[Round "2"]
[White "Nabavi, Parwis"]
[Black "Weber, Benedikt"]
[Result "1-0"]
[WhiteElo "2134"]
[BlackElo "1955"]
[PlyCount "89"]
[EventDate "2013.03.05"]
[EventType "swiss"]
[EventRounds "9"]
[EventCountry "GER"]
[SourceTitle "EXT 2014"]
[Source "ChessBase"]
[SourceDate "2013.11.20"]
[SourceVersion "1"]
[SourceVersionDate "2013.11.20"]
[SourceQuality "1"]

1. d4 Nf6 2. c4 e6 3. Nf3 b6 4. g3 Bb7 5. Bg2 Bb4+ 6. Bd2 Bxd2+ 7. Qxd2 0-0 8. 0-0 c6 9. Nc3 d5 10. cxd5 cxd5 11. Rfd1 Nc6 12. Rac1 Qe7 13. Ne5 Rfc8 14. f4 Nb4 15. e3 Nc6 16. h3 h6 17. Kh2 Rab8 18. Qe2 Na5 19. b3 Nc6 20. Qb2 Ba8 21. a3 a5 22. Bf1 Nxe5 23. fxe5 Nh7 24. Nb5 f6 25. Nd6 Rd8 26. Rc2 fxe5 27. dxe5 Ng5 28. Bg2 Nf7 29. Nxf7 Qxf7 30. Rdc1 Bb7 31. Qd4 Ba6 32. Rc6 Qe7 33. b4 axb4 34. axb4 Bb5 35. Rxb6 Rxb6 36. Qxb6 Bc4 37. h4 Ra8 38. Rc2 Ra3 39. Bh3 Ra6 40. Qb8+ Kh7 41. Rf2 Ra3 42. Qd6 Qa7 43. Bxe6 Bd3 44. Qf8 Qxe3 45. Qg8+ 1-0

[Event "Leipzig VfB op 20th"]
[Site "Leipzig"]
[Date "2013.03.06"]
[Round "3"]
[White "Weber, Benedikt"]
[Black "Bergmann, Thomas"]
[Result "1-0"]
[WhiteElo "1955"]
[BlackElo "1740"]
[PlyCount "81"]
[EventDate "2013.03.05"]
[EventType "swiss"]
[EventRounds "9"]
[EventCountry "GER"]
[SourceTitle "EXT 2014"]
[Source "ChessBase"]
[SourceDate "2013.11.20"]
[SourceVersion "1"]
[SourceVersionDate "2013.11.20"]
[SourceQuality "1"]

1. e4 e5 2. Nf3 Nc6 3. Bb5 a6 4. Ba4 Nf6 5. d3 b5 6. Bb3 h6 7. a4 b4 8. 0-0 d6 9. h3 Be7 10. Nbd2 Na5 11. Ba2 0-0 12. Re1 Bd7 13. Nf1 Re8 14. Ng3 Qc8 15. d4 Bf8 16. Be3 c5 17. c3 bxc3 18. bxc3 Rb8 19. d5 c4 20. Nd2 Qc7 21. Qc2 Rb7 22. Reb1 Reb8 23. Rxb7 Rxb7 24. f3 Qc8 25. Kh2 Be7 26. Rb1 Rxb1 27. Qxb1 Nb7 28. Qb6 Bxa4 29. Qxa6 Bb3 30. Nf5 Bf8 31. Nxc4 Bxc4 32. Bxc4 Qc7 33. Bb6 Qb8 34. Ba7 Qc7 35. Qc6 Qd7 36. Bb5 g6 37. Qxd7 Nxd7 38. Bxd7 gxf5 39. Bxf5 Be7 40. Be3 Na5 41. Bxh6 1-0